[Event "Krasnodar South Region-ch"]
[Site "Krasnodar"]
[Date "2005.02.??"]
[Round "?"]
[White "Boiarsky, Viatceslav"]
[Black "Karabakhtsian, Adroniks"]
[Result "1-0"]
[WhiteElo "2202"]
[BlackElo "2156"]
[PlyCount "57"]
[EventDate "2005.02.??"]
[EventType "swiss"]
[EventRounds "9"]
[EventCountry "RUS"]
[SourceTitle "EXT 2006"]
[Source "ChessBase"]
[SourceDate "2005.11.24"]
[SourceVersion "1"]
[SourceVersionDate "2005.11.24"]
[SourceQuality "1"]

1. c4 g6 2. Nc3 Bg7 3. g3 c5 4. Bg2 Nc6 5. d3 d6 6. Nh3 e5 7. 0-0 Nge7 8. f4 0-0 9. Nf2 f5 10. Nd5 Be6 11. e4 Nd4 12. fxe5 dxe5 13. Bg5 Ndc6 14. Qd2 Qd7 15. Rae1 Rae8 16. Nd1 Bxd5 17. exd5 Nd4 18. Nc3 Nc8 19. Ne2 Nd6 20. b4 b6 21. bxc5 bxc5 22. Nxd4 exd4 23. Qa5 h6 24. Bf4 Nb7 25. Qc7 Rd8 26. Re7 Qxc7 27. Bxc7 Rc8 28. d6 Nd8 29. Bd5+ 1-0

[Event "Krasnodar South Region-ch"]
[Site "Krasnodar"]
[Date "2005.02.??"]
[Round "?"]
[White "Simonian, Vladislav"]
[Black "Boiarsky, Viatceslav"]
[Result "1-0"]
[WhiteElo "2036"]
[BlackElo "2202"]
[PlyCount "25"]
[EventDate "2005.02.??"]
[EventType "swiss"]
[EventRounds "9"]
[EventCountry "RUS"]
[SourceTitle "EXT 2006"]
[Source "ChessBase"]
[SourceDate "2005.11.24"]
[SourceVersion "1"]
[SourceVersionDate "2005.11.24"]
[SourceQuality "1"]

1. d4 d5 2. c4 c6 3. cxd5 cxd5 4. Nc3 e6 5. Bf4 Bd6 6. Bxd6 Qxd6 7. e3 Nf6 8. Bd3 0-0 9. f4 Nc6 10. Nf3 Nb4 11. Bb1 Qa6 12. a3 Bd7 13. axb4 1-0

[Event "Poltavskaya"]
[Site "Poltavskaya"]
[Date "2005.01.??"]
[Round "?"]
[White "Boiarsky, Viatceslav"]
[Black "Brineva, Elena S"]
[Result "1/2-1/2"]
[WhiteElo "2202"]
[BlackElo "2139"]
[PlyCount "44"]
[EventDate "2005.01.??"]
[EventType "tourn"]
[EventRounds "13"]
[EventCountry "RUS"]
[SourceTitle "EXT 2006"]
[Source "ChessBase"]
[SourceDate "2005.11.24"]
[SourceVersion "1"]
[SourceVersionDate "2005.11.24"]
[SourceQuality "1"]

1. c4 e5 2. Nc3 Nf6 3. g3 d5 4. cxd5 Nxd5 5. Bg2 Nb6 6. Nf3 Nc6 7. 0-0 Be7 8. d3 Be6 9. Be3 0-0 10. d4 exd4 11. Nxd4 Nxd4 12. Bxd4 c6 13. f4 Bf6 14. Bc5 Re8 15. e4 Bxc3 16. bxc3 Qxd1 17. Rfxd1 Na4 18. Bd4 c5 19. Bf2 Nxc3 20. Rd3 Na4 21. e5 Rab8 22. Ra3 Bd7 1/2-1/2

[Event "Poltavskaya"]
[Site "Poltavskaya"]
[Date "2005.01.??"]
[Round "?"]
[White "Maiorov, Oleg Ivanovich"]
[Black "Boiarsky, Viatceslav"]
[Result "1-0"]
[WhiteElo "2469"]
[BlackElo "2202"]
[PlyCount "75"]
[EventDate "2005.01.??"]
[EventType "tourn"]
[EventRounds "13"]
[EventCountry "RUS"]
[SourceTitle "EXT 2006"]
[Source "ChessBase"]
[SourceDate "2005.11.24"]
[SourceVersion "1"]
[SourceVersionDate "2005.11.24"]
[SourceQuality "1"]

1. e4 c5 2. Nf3 Nc6 3. Bb5 a6 4. Bxc6 bxc6 5. c4 g6 6. Nc3 Bg7 7. h3 d6 8. d3 Nh6 9. Be3 f5 10. Qd2 Nf7 11. exf5 Bxf5 12. d4 cxd4 13. Bxd4 e5 14. Be3 0-0 15. Rd1 Qe7 16. 0-0 Be6 17. b3 h6 18. Rfe1 Rfd8 19. Bb6 Rd7 20. Na4 Qf6 21. Qe2 Rf8 22. Ba5 Ng5 23. Nxg5 Qxg5 24. Qe3 Qh4 25. Re2 Bf6 26. Bb4 c5 27. Bd2 g5 28. Be1 Qf4 29. Red2 Rfd8 30. Nb6 Be7 31. Nxd7 Rxd7 32. Re2 Kf7 33. Qe4 Qxe4 34. Rxe4 a5 35. Bxa5 Ra7 36. b4 cxb4 37. Bxb4 Rxa2 38. Bxd6 1-0

[Event "Krasnodar Elo U18"]
[Site "Krasnodar"]
[Date "2004.11.??"]
[Round "7"]
[White "Boiarsky, Viatceslav"]
[Black "Bratkovskiy, Dmitry"]
[Result "1-0"]
[WhiteElo "2235"]
[BlackElo "2157"]
[PlyCount "59"]
[EventDate "2004.11.??"]
[EventType "tourn"]
[EventRounds "9"]
[EventCountry "RUS"]
[SourceTitle "EXT 2006"]
[Source "ChessBase"]
[SourceDate "2005.11.24"]
[SourceVersion "1"]
[SourceVersionDate "2005.11.24"]
[SourceQuality "1"]

1. c4 e5 2. Nc3 Nf6 3. e4 Bc5 4. Be2 c6 5. Nf3 Bd4 6. 0-0 0-0 7. d3 d6 8. Bg5 Nbd7 9. Nxd4 exd4 10. Nb1 d5 11. Nd2 Qb6 12. Bxf6 Nxf6 13. cxd5 cxd5 14. e5 Nd7 15. f4 Qxb2 16. Nb3 b6 17. Bf3 Bb7 18. Rf2 Qa3 19. Nxd4 Nc5 20. Nb3 Rac8 21. f5 Rfd8 22. f6 Ne4 23. Bxe4 dxe4 24. Qg4 g6 25. dxe4 Rc6 26. Rd1 Qf8 27. Rxd8 Qxd8 28. Rd2 Qb8 29. Qd7 Re6 30. Qxb7 1-0

[Event "Krasnodar Elo U18"]
[Site "Krasnodar"]
[Date "2004.11.??"]
[Round "2"]
[White "Doroshenko, Diana"]
[Black "Boiarsky, Viatceslav"]
[Result "0-1"]
[WhiteElo "2131"]
[BlackElo "2235"]
[PlyCount "96"]
[EventDate "2004.11.??"]
[EventType "tourn"]
[EventRounds "9"]
[EventCountry "RUS"]
[SourceTitle "EXT 2006"]
[Source "ChessBase"]
[SourceDate "2005.11.24"]
[SourceVersion "1"]
[SourceVersionDate "2005.11.24"]
[SourceQuality "1"]

1. e4 c5 2. Nf3 d6 3. d4 cxd4 4. Nxd4 Nf6 5. Nc3 a6 6. Bg5 e6 7. f4 Be7 8. Qf3 h6 9. Bh4 Qa5 10. 0-0-0 0-0 11. g4 Qc7 12. g5 hxg5 13. Bxg5 Nc6 14. Qg3 Ne8 15. Nxc6 bxc6 16. Bxe7 Qxe7 17. Rg1 d5 18. Bd3 f5 19. exd5 cxd5 20. Rde1 Qf6 21. Re5 Bd7 22. Ne2 Rf7 23. Nd4 Nd6 24. Nf3 Ne4 25. Bxe4 fxe4 26. Ng5 Qxf4+ 27. Qxf4 Rxf4 28. Nxe6 Bxe6 29. Rxe6 Raf8 30. Rd6 e3 31. Re1 d4 32. Kd1 Rc8 33. Re2 Rf1+ 34. Re1 Rf2 35. Re2 Rxe2 36. Kxe2 Rxc2+ 37. Kd1 Rd2+ 38. Ke1 d3 39. b4 Kf7 40. a4 Ke7 41. Rd4 Kf6 42. b5 axb5 43. axb5 Ke5 44. Rd7 Ke4 45. Re7+ Kd4 46. Rd7+ Kc4 47. Re7 Re2+ 48. Kd1 Kxb5 0-1

[Event "Krasnodar Elo U18"]
[Site "Krasnodar"]
[Date "2004.11.??"]
[Round "6"]
[White "Vastrukhin, Oleg"]
[Black "Boiarsky, Viatceslav"]
[Result "1-0"]
[WhiteElo "2108"]
[BlackElo "2235"]
[PlyCount "95"]
[EventDate "2004.11.??"]
[EventType "tourn"]
[EventRounds "9"]
[EventCountry "RUS"]
[SourceTitle "EXT 2006"]
[Source "ChessBase"]
[SourceDate "2005.11.24"]
[SourceVersion "1"]
[SourceVersionDate "2005.11.24"]
[SourceQuality "1"]

1. e4 c5 2. Nf3 Nc6 3. Nc3 d6 4. Bc4 e6 5. 0-0 Be7 6. d3 Nf6 7. Bf4 0-0 8. h3 d5 9. Bb3 a6 10. a4 Na5 11. Ba2 d4 12. Ne2 Nc6 13. c3 dxc3 14. bxc3 b5 15. e5 Nd7 16. d4 Nb6 17. axb5 axb5 18. Qd3 c4 19. Qe4 Bb7 20. Bb1 g6 21. Rxa8 Bxa8 22. Bh6 Re8 23. Qg4 Bf8 24. Bxf8 Rxf8 25. h4 Ne7 26. Ng5 Nf5 27. h5 Qe7 28. Nf4 Nh6 29. Qg3 Nf5 30. Bxf5 exf5 31. hxg6 fxg6 32. Kh2 Nd5 33. Nge6 Nxf4 34. Nxf4 Bb7 35. Rb1 Qe8 36. e6 Be4 37. Rb2 Kh8 38. f3 Ba8 39. d5 Bxd5 40. Nxd5 Qxe6 41. Rxb5 f4 42. Nxf4 Qc6 43. Rg5 Rf7 44. Nd5 Qb7 45. Qe5+ Kg8 46. Nf6+ Kf8 47. Ne4 Rg7 48. Nc5 1-0